UM Logo

A bidirectional synchronous/asynchronous rectifier control for wide battery voltage range in SiC bidirectional LLC chargers / (Record no. 19334)

MARC details
000 -LEADER
fixed length control field 01135nam a22002537a 4500
003 - CONTROL NUMBER IDENTIFIER
control field OSt
005 - DATE AND TIME OF LATEST TRANSACTION
control field 20250911170228.0
008 - FIXED-LENGTH DATA ELEMENTS--GENERAL INFORMATION
fixed length control field 240223b ||||| |||| 00| 0 eng d
040 ## - CATALOGING SOURCE
Transcribing agency 0
082 ## - DEWEY DECIMAL CLASSIFICATION NUMBER
Classification number DPer 621.317 Ie21 May 2022 v. 37 n. 5
100 ## - MAIN ENTRY--PERSONAL NAME
Personal name Li, Haoran.
Relator term author.
9 (RLIN) 53228
245 ## - TITLE STATEMENT
Title A bidirectional synchronous/asynchronous rectifier control for wide battery voltage range in SiC bidirectional LLC chargers /
Statement of responsibility, etc. Haoran Li, Shengdong Wang, Zhiliang Zhang, Jingfei Zhang, Wenjie Zhu, Xiaoyong Ren, and Cungang Hu.
260 ## - PUBLICATION, DISTRIBUTION, ETC. (IMPRINT)
Place of publication, distribution, etc. New York ;
Name of publisher, distributor, etc. The Institute of Electrical and Electronics Engineers, Inc. ,
Date of publication, distribution, etc. May 2022.
300 ## - PHYSICAL DESCRIPTION
Extent Volume 37, pages 6090-6101 :
Other physical details illustration ;
Dimensions 28 cm.
500 ## - GENERAL NOTE
General note IEEE Transactions on Power Electronics, vol. 37, no. 5, pages 6090-6101, May 2022.
700 ## - ADDED ENTRY--PERSONAL NAME
Personal name Li, Haoran.
Relator term author.
9 (RLIN) 53228
700 ## - ADDED ENTRY--PERSONAL NAME
Personal name Wang, Shengdong.
Relator term author.
9 (RLIN) 53229
700 ## - ADDED ENTRY--PERSONAL NAME
Personal name Zhang, Zhiliang.
Relator term author.
9 (RLIN) 53230
700 ## - ADDED ENTRY--PERSONAL NAME
Personal name Zhang, Jingfei.
Relator term author.
9 (RLIN) 53231
700 ## - ADDED ENTRY--PERSONAL NAME
Personal name Zhu, Wenjie.
Relator term author.
9 (RLIN) 53232
700 ## - ADDED ENTRY--PERSONAL NAME
Personal name Ren, Xiaoyong.
Relator term author.
9 (RLIN) 53233
700 ## - ADDED ENTRY--PERSONAL NAME
Personal name Hu, Cungang.
Relator term author.
9 (RLIN) 53234
942 ## - ADDED ENTRY ELEMENTS (KOHA)
Source of classification or shelving scheme Dewey Decimal Classification
Koha item type Periodicals
Holdings
Withdrawn status Lost status Source of classification or shelving scheme Damaged status Not for loan Collection code Home library Current library Date acquired Total Checkouts Full call number Date last seen Price effective from Koha item type Public note
    Dewey Decimal Classification     Periodicals UM Digos College - LIC UM Digos College - LIC 02/23/2024   DPer 621.317 Ie21 May 2022 v. 37 n. 5 02/23/2024 02/23/2024 Periodicals Periodical Article